[Event "Titled Tue 3rd Jun Early"]
[Site "chess.com INT"]
[Date "2025.06.03"]
[Round "3"]
[White "Kalyani Sirin"]
[Black "Suarez, Pedro"]
[Result "0-1"]
[WhiteTitle "WFM"]
[BlackTitle "CM"]
[WhiteElo "2136"]
[BlackElo "2066"]
[WhiteFideId "33323500"]
[BlackFideId "3007642"]
[EventDate "2025.06.03"]

1. e4 d6 2. d4 Nf6 3. Nc3 Nbd7 4. f4 e5 5. Nf3 exd4 6. Nxd4 g6 7. Be2 Bg7 8. O-O
O-O 9. Bf3 Re8 10. Kh1 Nc5 11. Re1 h5 12. b4 Na6 13. a3 Ng4 14. Bxg4 Bxg4 15.
Qd3 c5 16. Ndb5 cxb4 17. axb4 Nxb4 18. Qd2 a6 19. Nxd6 Nxc2 20. Qxc2 Qxd6 21.
Bb2 Rac8 22. Qb3 Be6 23. Qa4 b5 24. Qa5 Qxf4 25. Ne2 Qc7 26. Bxg7 Qxa5 27. Rxa5
Kxg7 28. Rxa6 Bc4 29. Ng3 Re7 30. Rb6 Rce8 31. h4 f5 32. Ra1 fxe4 33. Raa6 Re6
34. Ra7+ R8e7 35. Rxe6 Rxa7 36. Rxe4 Ra2 37. Re5 Kf6 38. Rc5 Ra1+ 39. Kh2 Rb1
40. Ne4+ Ke6 41. Ng5+ Kd6 42. Ne4+ Kd7 43. Nc3 Rb2 44. Ne4 Bf1 45. Rg5 b4 46.
Rxg6 b3 47. Rg3 Bc4 48. Nc5+ Kc6 49. Na4 Rb1 50. Nc3 Rc1 51. Na4 Kb5 52. Nb2 Rc2
53. Nxc4 Kxc4 54. Rg8 b2 55. Rc8+ Kd3 56. Rb8 Kd2 57. Kh3 Kc1 58. g4 Rc3+ 59.
Kg2 hxg4 60. h5 b1=Q 61. Rxb1+ Kxb1 62. h6 Rh3 0-1

[Event "Titled Tue 3rd Jun Early"]
[Site "chess.com INT"]
[Date "2025.06.03"]
[Round "3"]
[White "Mayta Aiza, Maveric"]
[Black "Shandrygin, Nikita"]
[Result "0-1"]
[WhiteTitle "CM"]
[BlackTitle "FM"]
[WhiteElo "2184"]
[BlackElo "2209"]
[WhiteFideId "3307336"]
[BlackFideId "24198668"]
[EventDate "2025.06.03"]

1. e4 c5 2. Nc3 e6 3. g3 Nc6 4. Bg2 Nf6 5. d3 d5 6. exd5 exd5 7. Nge2 Be7 8. O-O
d4 9. Ne4 Nxe4 10. dxe4 O-O 11. Nf4 Bd6 12. Nd5 Be6 13. Re1 Re8 14. b3 Qd7 15.
Bb2 Bg4 16. f3 Bh3 17. c3 Bxg2 18. Kxg2 Be5 19. Rc1 Rad8 20. cxd4 Bxd4 21. Bxd4
cxd4 22. Nf4 f5 23. Nd3 fxe4 24. fxe4 Kh8 25. Rc5 g6 26. b4 Qe7 27. b5 Nb4 28.
Rc4 Nxa2 29. e5 Nc3 30. Qg4 Nxb5 31. e6 Nd6 32. Rxd4 Nf5 33. Rxd8 Rxd8 34. Qc4
Kg7 35. g4 Rd4 36. Qc3 Qf6 37. Kh1 Rxg4 38. Qc7+ Ne7 39. Qxb7 a5 40. Ne5 Rf4 41.
Qg2 Rf2 42. Qh3 Rf5 43. Ng4 Qg5 44. Rd1 h5 45. Qc3+ Kh7 46. Ne3 Rf3 47. Re1 a4
48. Qd2 a3 49. Qe2 Qf4 50. Ng2 Qg4 51. Qa6 a2 52. Qxa2 Rf5 53. Qa7 Qg5 54. Qe3
Qf6 55. Qg3 Rf1+ 56. Rxf1 Qxf1# 0-1

[Event "Titled Tue 3rd Jun Early"]
[Site "chess.com INT"]
[Date "2025.06.03"]
[Round "3"]
[White "Karttunen, Mika"]
[Black "Marchesich, Giovanni"]
[Result "1-0"]
[WhiteTitle "IM"]
[BlackTitle "CM"]
[WhiteElo "2490"]
[BlackElo "2219"]
[WhiteFideId "502081"]
[BlackFideId "2824790"]
[EventDate "2025.06.03"]

1. d4 c5 2. d5 e5 3. e4 d6 4. Nf3 Be7 5. Nfd2 Bg5 6. g3 g6 7. h4 Bh6 8. Nc3 Nf6
9. Nc4 Bxc1 10. Qxc1 h5 11. Qg5 a6 12. a4 O-O 13. a5 Qe7 14. Nb6 Ra7 15. f3 Nbd7
16. Nca4 Re8 17. Bh3 Nxb6 18. Nxb6 Bxh3 19. Rxh3 Kg7 20. Rh2 Ng8 21. Qe3 Nf6 22.
g4 hxg4 23. fxg4 Nxg4 24. Qg3 Nf6 25. h5 Nxe4 26. Qg2 Qg5 27. hxg6 Qxg2 28. Rxg2
fxg6 29. Ra4 Nf6 30. Rh4 Re7 31. Rh3 Nd7 32. Rhg3 Nxb6 33. Rxg6+ Kf7 34. axb6
Ra8 35. Rg7+ Kf6 36. R7g6+ Kf7 37. Rxd6 Rh8 38. Rf2+ Ke8 39. Rg6 Rh4 40. c3 Kd7
41. Rff6 Rh1+ 42. Ke2 Rh2+ 43. Ke3 Rc2 44. Rd6+ Ke8 45. Rg8+ Kf7 46. Rg3 Rxb2
47. Rf3+ Ke8 48. Rff6 Rc2 49. Kd3 Rc1 50. Rde6 e4+ 51. Rxe4 Rxe4 52. Kxe4 Rxc3
53. Ke5 Rd3 54. Rh6 c4 55. Ke6 Re3+ 56. Kd6 c3 57. Rh8+ Kf7 58. Rc8 a5 59. Rc7+
Kf6 60. Rxb7 a4 61. Ra7 c2 62. Rc7 Re2 63. b7 Re8 64. Rc8 c1=Q 65. Rxc1 Rd8+ 66.
Kc7 Rxd5 67. b8=Q 1-0

[Event "Titled Tue 3rd Jun Early"]
[Site "chess.com INT"]
[Date "2025.06.03"]
[Round "3"]
[White "Tang, Andrew"]
[Black "Arabidze, Meri"]
[Result "1-0"]
[WhiteTitle "GM"]
[BlackTitle "IM"]
[WhiteElo "2529"]
[BlackElo "2440"]
[WhiteFideId "2059630"]
[BlackFideId "13604040"]
[EventDate "2025.06.03"]

1. d4 d5 2. Bf4 Nf6 3. e3 e6 4. Nf3 c5 5. Nbd2 Nc6 6. c3 cxd4 7. exd4 Nh5 8. Be3
Bd6 9. Ne5 Nf6 10. f4 Ng8 11. Bd3 Qb6 12. Qb3 Nge7 13. O-O f6 14. Nef3 Qc7 15.
g3 Bd7 16. Rac1 O-O 17. c4 Na5 18. Qc2 Nxc4 19. Nxc4 dxc4 20. Bxc4 Kh8 21. Qb3
Rae8 22. Rfe1 Qb6 23. Bf2 Qxb3 24. Bxb3 Nd5 25. a3 g6 26. Nd2 Kg7 27. Ne4 Be7
28. Nc5 Bxc5 29. dxc5 Bc6 30. Rcd1 a5 31. Rd4 h6 32. Bc2 g5 33. fxg5 hxg5 34. b4
axb4 35. axb4 e5 36. Rc4 Bb5 37. Rce4 Nc3 38. Rg4 Ne2+ 39. Kg2 Nd4 40. Be4 Bc6
41. Bxc6 Nxc6 42. b5 Nd4 43. Bxd4 exd4 44. Rxe8 Rxe8 45. Rxd4 Re5 46. Rd7+ Kg6
47. Rc7 Rd5 48. b6 Kf5 49. h3 g4 50. h4 Rd2+ 51. Kf1 Ke4 52. c6 Kf3 53. Ke1 Re2+
54. Kd1 bxc6 55. Rxc6 Rb2 56. h5 Kxg3 57. h6 Rh2 58. b7 Rb2 59. h7 1-0

[Event "Titled Tue 3rd Jun Early"]
[Site "chess.com INT"]
[Date "2025.06.03"]
[Round "3"]
[White "Sava, Robert-Gabriel"]
[Black "Leinov, Roman"]
[Result "0-1"]
[WhiteTitle "CM"]
[BlackTitle "CM"]
[WhiteElo "2155"]
[BlackElo "2120"]
[WhiteFideId "1265725"]
[BlackFideId "13504649"]
[EventDate "2025.06.03"]

1. d4 Nf6 2. c4 e6 3. Nf3 b6 4. g3 Bb7 5. Bg2 c5 6. O-O cxd4 7. Nxd4 Bxg2 8.
Kxg2 d5 9. Nc3 Be7 10. cxd5 Nxd5 11. Nxd5 Qxd5+ 12. Nf3 Qb7 13. Qa4+ b5 14. Qg4
O-O 15. h4 Nd7 16. Bh6 Bf6 17. Kg1 Rfd8 18. h5 Kh8 19. Bg5 Qd5 20. h6 gxh6 21.
Rad1 Qf5 22. Rxd7 hxg5 23. Qxg5 Bxg5 24. Rfd1 Rxd7 25. Rxd7 Rd8 26. Rxa7 Kg8 27.
Kg2 Rd1 28. a4 bxa4 29. Rxa4 Rb1 30. e4 Qg6 31. Ra5 Bf6 32. e5 Be7 33. Ra7 Bf8
34. Rb7 Qe4 35. Rb8 Qd5 36. Rb6 Kg7 37. Rb8 Bc5 38. Rc8 Bd4 39. b4 Rb2 40. Kh3
Rxf2 41. Nh4 Rf5 42. Nxf5+ exf5 43. Rc2 Qh1+ 44. Rh2 Qf1+ 45. Rg2 Bxe5 46. Kh2
Kg6 47. Rc2 Qb5 48. Rg2 Qxb4 49. Kh3 Qg4+ 50. Kh2 h5 51. Kg1 h4 52. Kh1 hxg3 53.
Rg1 Qf3+ 54. Rg2 Qxg2+ 55. Kxg2 f4 56. Kf3 Kf5 57. Kg2 Kg4 58. Kf1 f3 59. Kg1
Bd4+ 60. Kh1 g2+ 61. Kh2 g1=Q# 0-1

[Event "Titled Tue 3rd Jun Early"]
[Site "chess.com INT"]
[Date "2025.06.03"]
[Round "3"]
[White "Negrean, Andrei"]
[Black "Sanal, Vahap"]
[Result "1/2-1/2"]
[WhiteTitle "FM"]
[BlackTitle "GM"]
[WhiteElo "2336"]
[BlackElo "2555"]
[WhiteFideId "1291513"]
[BlackFideId "6300545"]
[EventDate "2025.06.03"]

1. e4 e5 2. Nf3 Nc6 3. Nc3 Nf6 4. Bb5 Bd6 5. O-O a6 6. Bxc6 dxc6 7. d4 Bg4 8.
dxe5 Bxf3 9. Qxf3 Bxe5 10. Bf4 Qe7 11. Bxe5 Qxe5 12. Qg3 Qxg3 13. hxg3 Ke7 14.
Rad1 Rhd8 15. f3 Nd7 16. Kf2 Ne5 17. b3 Rh8 18. Ne2 h5 19. Nf4 g6 20. Nd3 Nd7
21. Ke3 Rae8 22. Rd2 a5 23. Rfd1 Rd8 24. a4 b6 25. Nb2 Rhf8 26. Nc4 Rfe8 27. Kf2
Rf8 28. Ke3 Rg8 29. Kf2 Rh8 30. Ne3 Rhe8 31. Nc4 Rg8 32. Ne3 Ne5 33. Rxd8 Rxd8
34. Rxd8 Kxd8 35. f4 Nd7 36. g4 hxg4 37. Nxg4 b5 38. Ke3 Ke7 39. c4 bxa4 40.
bxa4 Nb6 41. Ne5 Ke6 42. Nxc6 Nxc4+ 43. Kd4 Nb6 44. Nxa5 Nxa4 45. Nb3 Kd6 46.
e5+ Ke6 47. g4 Nb6 48. Nc5+ Ke7 49. f5 Nd7 50. Ne4 Nf8 51. Nf6 Nd7 52. Nd5+ Kd8
53. e6 fxe6 54. fxe6 Nb6 55. e7+ Kd7 56. Nxc7 Kxe7 57. Nb5 Kf6 58. Nd6 Kg5 59.
Nf7+ Kf6 60. Ne5 g5 61. Nf3 Nd7 62. Nxg5 Kxg5 63. Kd5 Nf6+ 64. Kd6 Ne4+ 65. Kc7
Nf2 66. Kb7 Nxg4 1/2-1/2

[Event "Titled Tue 3rd Jun Early"]
[Site "chess.com INT"]
[Date "2025.06.03"]
[Round "3"]
[White "FAWOLE, John Oyeyemi"]
[Black "Logozar, Elijah"]
[Result "1/2-1/2"]
[WhiteTitle "FM"]
[WhiteElo "1987"]
[BlackElo "1945"]
[WhiteFideId "8501319"]
[BlackFideId "30963788"]
[EventDate "2025.06.03"]

1. e4 c5 2. Nf3 d6 3. d4 cxd4 4. Nxd4 Nf6 5. Nc3 a6 6. Be2 e5 7. Nb3 Be7 8. O-O
O-O 9. f4 b5 10. Bf3 Bb7 11. a3 Nbd7 12. Qe2 Rc8 13. Bd2 Qc7 14. Kh1 Rfe8 15.
Rad1 Nb6 16. Bc1 Nc4 17. Rd3 d5 18. exd5 exf4 19. Qf2 Bd6 20. Nd4 Bc5 21. Qh4
Ne5 22. Bxf4 Ng6 23. Bxc7 Nxh4 24. d6 Nxf3 25. gxf3 Nd7 26. Nf5 Kf8 27. b4 Ba7
28. Nd5 g6 29. Nfe7 Ra8 30. Kg2 f5 31. Kg3 Kf7 32. h4 Ne5 33. Rd2 Nc4 34. Rd3
Ke6 35. Nf4+ Kf7 36. d7 Rxe7 37. d8=Q Rxd8 38. Bxd8 Ne5 39. Bxe7 Nxd3 40. Nxd3
Kxe7 41. Re1+ Kd6 42. Re8 Bc6 43. Rh8 h5 44. Rg8 Bb6 45. Rxg6+ Kd7 46. Nc5+ Kc7
47. Rg7+ Kd6 48. Rg6+ Kd5 49. Nxa6 Bd8 50. Nc5 Be8 51. Rg8 Bc7+ 52. Kf2 Bf7 53.
Rg7 Be5 54. Rxf7 f4 55. Nd3 Bb2 56. Rf5+ Kd4 57. Rxb5 Bxa3 58. Rxh5 Kc3 59. Rf5
Kxc2 60. Rxf4 Kxd3 61. h5 Bc1 62. Rg4 Bh6 63. Rg6 Bf8 64. h6 Bxb4 65. h7 Bc5+ 1/2-1/2

[Event "Titled Tue 3rd Jun Early"]
[Site "chess.com INT"]
[Date "2025.06.03"]
[Round "3"]
[White "Sammed Jaykumar, Shete"]
[Black "Squella Lavin, Carlos Felipe"]
[Result "1-0"]
[WhiteTitle "IM"]
[BlackTitle "FM"]
[WhiteElo "2377"]
[BlackElo "2230"]
[WhiteFideId "5073421"]
[BlackFideId "3406792"]
[EventDate "2025.06.03"]

1. d4 d5 2. Nf3 e6 3. Bg5 Be7 4. Bxe7 Qxe7 5. Nbd2 Nf6 6. e3 O-O 7. Bd3 b6 8.
O-O Bb7 9. Qe2 Ne4 10. Bxe4 dxe4 11. Ne1 c5 12. f3 cxd4 13. exd4 Qd6 14. Qe3
exf3 15. Nexf3 Nd7 16. c3 Rae8 17. Nc4 Qd5 18. Nce5 Nxe5 19. Qxe5 Qxe5 20. Nxe5
Rd8 21. Rae1 a5 22. Rf2 b5 23. a3 b4 24. axb4 axb4 25. Nd3 bxc3 26. bxc3 Ra8 27.
Nc5 Bc6 28. h4 Rfb8 29. Nd3 Ra3 30. Ne5 Be8 31. c4 Ra4 32. Rf4 f6 33. Nf3 Rxc4
34. Rxe6 Bf7 35. Re7 Rb2 36. Ra7 Rc1+ 37. Kh2 h6 38. Re4 Rcc2 39. Ne1 Re2 40.
Rxe2 Rxe2 41. Nd3 g5 42. hxg5 hxg5 43. Nb4 Rd2 44. Rd7 f5 45. Kg3 Bh5 46. Nc6
f4+ 47. Kh3 Bf7 48. Rd6 Re2 49. Ne5 Be8 50. Nf3 g4+ 51. Kxg4 Rxg2+ 52. Kxf4 Rf2
53. Ke3 Rf1 54. Ne5 Re1+ 55. Kf4 Rf1+ 56. Ke4 Re1+ 57. Kf5 Rf1+ 58. Ke6 Ba4 59.
d5 Bb3 60. Ke7 Rd1 61. Rg6+ 1-0

[Event "Titled Tue 3rd Jun Early"]
[Site "chess.com INT"]
[Date "2025.06.03"]
[Round "3"]
[White "Diaz Vasquez, Martin"]
[Black "Vlassov, Nikolai"]
[Result "0-1"]
[WhiteTitle "CM"]
[BlackTitle "IM"]
[WhiteElo "2266"]
[BlackElo "2291"]
[WhiteFideId "3410579"]
[BlackFideId "4103360"]
[EventDate "2025.06.03"]

1. e4 Nc6 2. Nf3 d5 3. exd5 Qxd5 4. Nc3 Qa5 5. d4 Bg4 6. d5 O-O-O 7. Bd2 Nb4 8.
Bc4 Bxf3 9. gxf3 Nf6 10. a3 Qc5 11. axb4 Qxc4 12. Rxa7 Nxd5 13. Ra8+ Kd7 14.
Rxd8+ Kxd8 15. Be3 e6 16. Nxd5 exd5 17. c3 Bd6 18. Qe2 Qxe2+ 19. Kxe2 Kd7 20.
Rg1 g6 21. h3 Ra8 22. Kd3 b6 23. Rg4 c5 24. bxc5 bxc5 25. Rg1 Ke6 26. Kc2 Ra4
27. Rd1 Rh4 28. Rh1 f6 29. Kd3 h5 30. Kc2 g5 31. Kd3 Kd7 32. Ke2 g4 33. fxg4
hxg4 34. Kf1 gxh3 35. Ke2 h2 36. Kf3 Kc6 37. Bd2 c4 38. Be3 Kb5 39. Bd4 f5 40.
Be3 Ka4 41. Bd4 Kb3 42. Kg2 Kxb2 43. f3 Kc2 44. Kf2 Rh7 45. Kg2 Kd2 46. Kf2 Re7
47. Kg2 Re2+ 48. Kh3 Re1 49. Kg2 Rxh1 50. Kxh1 Bf4 51. Kg2 Ke2 52. Bf6 Kd3 53.
Bd4 Bd2 54. Bb6 Bxc3 55. Kxh2 Be5+ 56. Kg2 c3 57. f4 Bxf4 58. Kf3 c2 0-1

[Event "Titled Tue 3rd Jun Early"]
[Site "chess.com INT"]
[Date "2025.06.03"]
[Round "3"]
[White "Shubhi Gupta"]
[Black "Heymann, Samuel"]
[Result "0-1"]
[WhiteTitle "WFM"]
[BlackTitle "CM"]
[WhiteElo "2187"]
[BlackElo "2226"]
[WhiteFideId "25195425"]
[BlackFideId "4645707"]
[EventDate "2025.06.03"]

1. d4 d5 2. Bg5 c5 3. e3 Qb6 4. Qc1 cxd4 5. exd4 Qxd4 6. Nf3 Qb6 7. Bd3 Nc6 8.
O-O Bg4 9. Nbd2 e6 10. c4 d4 11. a3 Be7 12. Bxe7 Ngxe7 13. c5 Qd8 14. Ne4 O-O
15. Nfd2 Bf5 16. Nc4 Qd5 17. Ncd6 b6 18. Bc4 Qe5 19. f4 Qxe4 20. Nxe4 Bxe4 21.
cxb6 axb6 22. Qd2 Rfd8 23. Rae1 Bf5 24. h3 h5 25. Bd3 Ra5 26. Rc1 Rd6 27. Rc2 h4
28. Rfc1 Bxd3 29. Qxd3 Rf5 30. Qe4 Na5 31. Rd1 Nb3 32. Rc7 Ng6 33. Rc8+ Kh7 34.
Qd3 Nc5 35. Qf3 Nxf4 36. Qg4 g5 37. Rc7 Ne4 38. Re1 Nf6 39. Qd1 Kg6 40. Rc4 e5
41. Qb1 e4 42. Rxe4 Nxe4 43. Qxe4 d3 44. Rd4 Ne2+ 45. Kh2 Nxd4 46. Qxd3 Rd5 47.
Qe4 Ne6 48. Qg4 Rf4 49. Qe2 Rdf5 50. Qc2 Rf2 51. Qc8 Re5 52. Qg8+ Kf6 53. Qh8+
Kf5 54. Qh7+ Kf4 55. Qxf7+ Ke4 56. Qg6+ Kd5 57. Qd3+ Nd4 0-1

[Event "Titled Tue 3rd Jun Early"]
[Site "chess.com INT"]
[Date "2025.06.03"]
[Round "3"]
[White "Shukhman, Anna"]
[Black "Buscar, Michael"]
[Result "1-0"]
[WhiteTitle "WGM"]
[WhiteElo "2413"]
[BlackElo "2016"]
[WhiteFideId "54180058"]
[BlackFideId "2603616"]
[EventDate "2025.06.03"]

1. e4 c5 2. Nf3 Nc6 3. Nc3 Nf6 4. Bb5 g6 5. O-O Bg7 6. h3 O-O 7. e5 Ne8 8. Re1
Nc7 9. Bf1 Ne6 10. Ne4 Nxe5 11. Nxe5 Bxe5 12. Nxc5 Bg7 13. Nxe6 fxe6 14. d4 b6
15. c3 Bb7 16. Qg4 Qe8 17. Bg5 Qf7 18. Qh4 Bf6 19. Bxf6 Qxf6 20. Qxf6 exf6 21.
f3 Bc6 22. Bc4 Kf7 23. Rad1 Bb7 24. d5 e5 25. d6+ Kg7 26. Bb5 Rfd8 27. c4 Rac8
28. Rc1 Kf7 29. b4 Ke6 30. c5 Bd5 31. Ba6 Rb8 32. Red1 Bxa2 33. c6 dxc6 34. Rxc6
Rd7 35. Bb5 Rbd8 36. Rc2 Bb3 37. Bxd7+ Rxd7 38. Rdc1 Bxc2 39. Rxc2 Rxd6 40. Rc7
Rd7 41. Rc8 Kd6 42. Kf2 a5 43. bxa5 bxa5 44. Ra8 Rb7 45. Rxa5 Ke6 46. Ra6+ Kf5
47. g4+ Kg5 48. Kg3 f5 49. h4+ Kh6 50. gxf5 Kg7 51. fxg6 hxg6 52. Re6 Rb5 53.
Kg4 Rb4+ 54. Kg5 Rb5 55. Rxg6+ Kf7 56. Rf6+ Kg7 57. Rf5 Rb3 58. h5 Re3 59. h6+
Kg8 60. Kg6 e4 61. h7+ Kh8 62. Rf8# 1-0

[Event "Titled Tue 3rd Jun Early"]
[Site "chess.com INT"]
[Date "2025.06.03"]
[Round "3"]
[White "Stankovic, Boris"]
[Black "Marynychenko, Yehor"]
[Result "0-1"]
[WhiteTitle "FM"]
[BlackTitle "CM"]
[WhiteElo "2298"]
[BlackElo "2183"]
[WhiteFideId "985317"]
[BlackFideId "34160558"]
[EventDate "2025.06.03"]

1. e4 c5 2. Nf3 Nc6 3. c3 d5 4. exd5 Qxd5 5. Na3 a6 6. Nc4 Qd8 7. Be2 b5 8. Nce5
Nxe5 9. Nxe5 Qd5 10. d4 Qxg2 11. Bf3 Qh3 12. Bxa8 f6 13. Bc6+ Kd8 14. Nf7+ Kc7
15. Be4 Qe6 16. Bf4+ Kd7 17. dxc5+ Ke8 18. Qd3 Bb7 19. f3 Kxf7 20. O-O-O Bxe4
21. Qxe4 Qxa2 22. Qd5+ Qxd5 23. Rxd5 e5 24. Be3 Ne7 25. Rd7 Ke6 26. Rd6+ Kf7 27.
Rhd1 Nf5 28. Rd7+ Ke6 29. Bf2 Be7 30. c6 Rc8 31. c7 Bd6 32. R1xd6+ Nxd6 33. Rxg7
Nf7 34. Bb6 h5 35. Rh7 Ng5 36. Rxh5 Nxf3 37. h4 e4 38. Kd1 Ne5 39. Ke2 Nc4 40.
Bd4 Rxc7 41. Rh6 Ne5 42. Rh8 Rg7 43. h5 Rg2+ 44. Kf1 Rxb2 45. h6 Nf7 46. Re8+
Kd7 47. Rxe4 Nxh6 48. Bxf6 Nf5 49. Be5 Ke6 50. Bf4+ Kf6 51. Re8 a5 52. Ke1 a4
53. c4 a3 54. Be5+ Kf7 55. cxb5 Kxe8 56. Bd4 Nxd4 0-1

[Event "Titled Tue 3rd Jun Early"]
[Site "chess.com INT"]
[Date "2025.06.03"]
[Round "3"]
[White "Fadi, Marko"]
[Black "Kis, Lorand Bela"]
[Result "0-1"]
[WhiteTitle "FM"]
[WhiteElo "2244"]
[BlackElo "1955"]
[WhiteFideId "10605371"]
[BlackFideId "2024098"]
[EventDate "2025.06.03"]

1. e4 g6 2. h4 h5 3. Nc3 Bg7 4. Bc4 c6 5. Nf3 b5 6. Bb3 b4 7. Ne2 d5 8. exd5
cxd5 9. d4 Bg4 10. Nf4 e6 11. Nd3 a5 12. Ba4+ Kf8 13. Bg5 f6 14. Bf4 Nd7 15. a3
bxa3 16. Rxa3 Ne7 17. O-O Kf7 18. Re1 Nb6 19. Bb5 Nc4 20. Ra2 Nd6 21. Ba4 Ne4
22. c3 Nf5 23. Qe2 Nxh4 24. Bd1 Nf5 25. Qc2 g5 26. Bxg5 Nxg5 27. Nxg5+ fxg5 28.
Nc5 Bxd1 29. Qxd1 Rh6 30. Qf3 g4 31. Qf4 Rg6 32. Nxe6 Rxe6 33. Qxf5+ Rf6 34.
Qxh5+ Kg8 35. b3 g3 36. fxg3 Qd6 37. Rae2 Raf8 38. Re3 Rh6 39. Qe2 Rg6 40. Qd3
Bh6 41. Re7 Qxg3 42. Qc2 Bf4 43. R1e6 Qh2+ 44. Kf1 Bg3+ 45. Ke2 Qxg2+ 46. Kd1
Rf1+ 47. Re1 Qxc2+ 48. Kxc2 Rxe1 49. Rd7 Rg5 50. c4 dxc4 51. bxc4 Bh4 52. c5 Rg3
53. Kd2 Rh1 54. Ke2 Rh2+ 55. Kf1 Ra2 56. c6 Rh3 57. Kg1 Rb3 0-1

[Event "Titled Tue 3rd Jun Early"]
[Site "chess.com INT"]
[Date "2025.06.03"]
[Round "3"]
[White "Chelly, Yahya"]
[Black "Martin Fuentes, Alberto"]
[Result "0-1"]
[WhiteTitle "CM"]
[BlackTitle "FM"]
[WhiteElo "2039"]
[BlackElo "2376"]
[WhiteFideId "5516200"]
[BlackFideId "2292289"]
[EventDate "2025.06.03"]

1. d4 Nf6 2. c4 c5 3. dxc5 e6 4. Nf3 Bxc5 5. e3 O-O 6. Be2 d5 7. cxd5 Qxd5 8.
O-O Nc6 9. Nc3 Qxd1 10. Rxd1 e5 11. a3 e4 12. Nd2 Bf5 13. b4 Bb6 14. Bb2 Rfe8
15. Nc4 Bc7 16. Nd6 Bxd6 17. Rxd6 h6 18. Nb5 Re6 19. Bc4 Rxd6 20. Nxd6 Bg6 21.
Bxf6 gxf6 22. Nxb7 Ne5 23. Ba6 Nd3 24. Rd1 Rc8 25. Bxd3 exd3 26. Nc5 a5 27. f3
axb4 28. axb4 Rb8 29. Nxd3 Bf5 30. e4 Be6 31. Rb1 Bc4 32. Nc5 Kg7 33. Rb2 f5 34.
exf5 Rc8 35. Kf2 Kf6 36. g4 h5 37. h3 h4 38. Ne4+ Ke5 39. b5 Bd5 40. b6 Ra8 41.
b7 Rb8 42. Nc3 Rxb7 43. Rxb7 Bxb7 44. Nb5 Kf4 45. Nd6 Bd5 46. Ke2 Kg3 47. Ke3
Kxh3 48. Ne4 Bxe4 49. fxe4 Kxg4 50. f6 Kg5 51. e5 Kf5 52. Kd4 h3 53. Kd5 h2 54.
e6 h1=Q+ 55. Kd6 Qd1+ 56. Ke7 fxe6 57. f7 Ke5 58. f8=Q Qd6+ 59. Kf7 Qxf8+ 60.
Kxf8 Kf4 61. Kf7 e5 62. Ke6 e4 63. Kd5 e3 64. Kd4 e2 65. Kd3 e1=Q 0-1

[Event "Titled Tue 3rd Jun Early"]
[Site "chess.com INT"]
[Date "2025.06.03"]
[Round "3"]
[White "Venkatesh, Narayan"]
[Black "Dicen, Elis Denele"]
[Result "1-0"]
[WhiteTitle "FM"]
[BlackTitle "WFM"]
[WhiteElo "2168"]
[BlackElo "2135"]
[WhiteFideId "30987881"]
[BlackFideId "462560"]
[EventDate "2025.06.03"]

1. d4 d5 2. c4 e6 3. Nc3 Be7 4. cxd5 exd5 5. Nf3 c6 6. Bf4 Bf5 7. e3 Nf6 8. h3
Nbd7 9. Nh4 Be6 10. Bd3 Ne4 11. Nf3 Nxc3 12. bxc3 O-O 13. O-O Nf6 14. Rb1 b5 15.
Ne5 Rc8 16. a4 a6 17. Ra1 Bd6 18. axb5 axb5 19. Ra6 Bxe5 20. Bxe5 Nd7 21. Bd6
Re8 22. Bg3 Qg5 23. Qf3 h5 24. Rfa1 h4 25. Bf4 Qf6 26. Qh5 g6 27. Qh6 Bf5 28.
Bxb5 Qe6 29. Qxh4 f6 30. Be2 g5 31. Qg3 Kf7 32. Bd6 Rh8 33. Ra7 Ke8 34. Bb4 Rh7
35. Rb7 Kf7 36. Raa7 Kg8 37. Qd6 Qe4 38. Rxd7 Bxd7 39. Rxd7 Qb1+ 40. Kh2 Rxd7
41. Qxd7 Ra8 42. Qe6+ Kg7 43. Qe7+ Kg6 44. f4 Qc2 45. Bg4 Ra2 46. f5+ Kh6 47.
Qxf6+ Kh7 48. Qg6+ Kh8 49. Qf6+ Kh7 50. Bf3 g4 51. hxg4 Qd2 52. Qh4+ Kg7 53. Bd6
Qxe3 54. Be5+ Kf8 55. Qf6+ Ke8 56. Qe6+ Kf8 57. Bd6+ Kg7 58. Qxe3 Kh7 59. Qg5
Rxg2+ 60. Bxg2 Kh8 61. Be5+ Kh7 62. Qg6# 1-0

[Event "Titled Tue 3rd Jun Early"]
[Site "chess.com INT"]
[Date "2025.06.03"]
[Round "3"]
[White "Uzuner, Tufan Can"]
[Black "Lira, Suan Bruno Fernandes"]
[Result "1-0"]
[WhiteTitle "CM"]
[WhiteElo "1886"]
[BlackElo "2163"]
[WhiteFideId "6300499"]
[BlackFideId "22794620"]
[EventDate "2025.06.03"]

1. d4 d5 2. Nf3 Nf6 3. c4 e6 4. Nc3 Bb4 5. cxd5 exd5 6. Bg5 Qd6 7. Bxf6 Qxf6 8.
e3 O-O 9. Bd3 Nc6 10. Qc2 h6 11. a3 Bxc3+ 12. bxc3 Bg4 13. Be2 Na5 14. h3 Bf5
15. Bd3 Bxd3 16. Qxd3 Nc4 17. Nd2 Nd6 18. O-O b5 19. e4 Qg6 20. Rfe1 Rfe8 21. f3
c6 22. a4 a5 23. Qb1 dxe4 24. Nxe4 Nxe4 25. Rxe4 Rxe4 26. Qxe4 Qxe4 27. fxe4 Kf8
28. Kf2 Ke7 29. Ke3 f6 30. Kd3 Kd6 31. c4 b4 32. c5+ Ke6 33. Kc4 Rd8 34. Rd1 f5
35. d5+ Ke5 36. exf5 Rxd5 37. Rf1 Rd4+ 38. Kb3 Rf4 39. Rd1 Rd4 40. Rf1 Rd3+ 41.
Kb2 Rg3 42. Rf2 Rc3 43. g4 Rxc5 44. Re2+ Kd6 45. Re6+ Kd7 46. Rg6 Re5 47. Rxg7+
Kc8 48. f6 Re2+ 49. Kb3 Rf2 50. f7 Kd8 51. Rg8+ Ke7 52. Ra8 Rf3+ 53. Kc4 Rc3+
54. Kd4 Rc1 55. f8=Q+ Ke6 56. Qe8+ Kf6 57. Rd8 Kg5 58. Qf8 Kh4 59. Qg8 b3 60.
Qe8 b2 61. Rb8 b1=Q 62. Qe7+ Kg3 63. Rxb1 Kxh3 64. Qf6 Rxb1 65. Qxh6+ Kxg4 66.
Qg6+ Kf4 67. Qxb1 1-0

[Event "Titled Tue 3rd Jun Early"]
[Site "chess.com INT"]
[Date "2025.06.03"]
[Round "3"]
[White "Aarit Kapil"]
[Black "Norowitz, Yaacov"]
[Result "1-0"]
[WhiteTitle "CM"]
[BlackTitle "IM"]
[WhiteElo "2098"]
[BlackElo "2400"]
[WhiteFideId "33408947"]
[BlackFideId "2024799"]
[EventDate "2025.06.03"]

1. Nf3 Nf6 2. g3 d5 3. Bg2 c6 4. O-O Bg4 5. d4 Nbd7 6. c4 e6 7. Nbd2 Be7 8. Re1
O-O 9. e4 dxe4 10. Nxe4 Nxe4 11. Rxe4 Bf5 12. Re1 Nf6 13. b3 Qa5 14. Bd2 Bb4 15.
Re5 Qb6 16. c5 Qa5 17. Bxb4 Qxb4 18. a3 Qa5 19. Nd2 Qc3 20. Nc4 Rad8 21. Nd6 Bc2
22. Rc1 Bxd1 23. Rxc3 Rd7 24. Re1 Bh5 25. b4 Rb8 26. Rb3 Ne8 27. Nxe8 Rxe8 28.
b5 Rc7 29. bxc6 bxc6 30. Reb1 Kf8 31. Rb8 Be2 32. Be4 Bb5 33. Rxe8+ Kxe8 34. Rb4
a5 35. Rb2 Rd7 36. Rd2 Ke7 37. f4 h6 38. Kf2 f6 39. Ke3 g5 40. Bc2 Rd8 41. a4
Bc4 42. Be4 Rb8 43. Bxc6 Rb3+ 44. Kf2 Rb4 45. Ke3 Rb3+ 46. Kf2 Rb4 47. Rc2 gxf4
48. gxf4 Bb3 49. Rb2 Bd1 50. Rxb4 axb4 51. Ke3 b3 52. Be4 b2 53. a5 f5 54. Bb1
Bb3 55. Kd2 Kd7 56. Kc3 Bd5 57. Kxb2 Kc7 58. Kc3 Be4 59. Bxe4 fxe4 60. Kd2 Kc6
61. Ke3 Kd5 62. a6 e5 63. fxe5 1-0

[Event "Titled Tue 3rd Jun Early"]
[Site "chess.com INT"]
[Date "2025.06.03"]
[Round "3"]
[White "Silich, Yahor"]
[Black "Unver, Cumayi"]
[Result "1-0"]
[WhiteTitle "FM"]
[WhiteElo "2216"]
[BlackElo "2012"]
[WhiteFideId "13513656"]
[BlackFideId "6304940"]
[EventDate "2025.06.03"]

1. e4 e5 2. Nf3 Nc6 3. Bc4 Bc5 4. O-O Nf6 5. d3 h6 6. c3 d6 7. a4 a6 8. Nbd2 Ba7
9. Re1 Ng4 10. Re2 O-O 11. h3 Nf6 12. b4 Nh7 13. Nf1 Kh8 14. Be3 f5 15. Bxa7
Rxa7 16. exf5 Bxf5 17. b5 axb5 18. axb5 Rxa1 19. Qxa1 Ne7 20. N1h2 b6 21. d4
exd4 22. Nxd4 Bd7 23. Ne6 Bxe6 24. Bxe6 Ng5 25. Bg4 Ng6 26. Nf3 Nf4 27. Re3
Nxf3+ 28. Bxf3 Re8 29. Qe1 Rxe3 30. Qxe3 Qf6 31. h4 g5 32. hxg5 hxg5 33. Qe8+
Kh7 34. Be4+ Kh6 35. Bf3 Qxc3 36. Qf8+ Qg7 37. Qf5 Qa1+ 38. Kh2 Qe5 39. Qf8+ Kh7
40. Qf7+ Kh6 41. Qf8+ Kh7 42. g3 Ng6 43. Qf7+ Qg7 44. Qf5 Kh8 45. Qxg5 Ne5 46.
Qd8+ Qg8 47. Qf6+ Qg7 48. Qd8+ Qg8 49. Qxg8+ Kxg8 50. Bd5+ Kg7 51. f4 Nd3 52.
Kg2 Nb4 53. Bb3 c6 54. bxc6 Nxc6 55. g4 Nd4 56. Bd5 b5 57. Kf2 b4 58. Ke3 Nb5
59. g5 Nc7 60. Bb3 d5 61. f5 Kf7 62. Kd4 Kg7 63. Ke5 Kf7 64. f6 Kg6 65. Bc2+ Kf7
66. g6+ 1-0